00425nam a2200121Ia 4500003000400000008004100004040001600045082001800061245014700079260006100226300001100287490000500298GCL140319s9999 xx 000 0 ara d aGCL / cGCL04a332.41bر ت10aالتضخم المستورد : دراسة فى اثار التضخم بالبلاد الرأسمالية على البلاد العربية a[S.N] : bدار المستقبل العربى ، c1986 a258 ص a